000 00462nam a2200181Ia 4500
001 11396
005 20260306162825.0
008 260306t2010||||xx |||||||||||||| ||spa||
041 _aESP
082 _a985.04
_bO57
100 _aO´Phelan Godoy, Scarlett
_eAUT
245 0 _aEl general don José de San Martín y su paso por el Perú
260 _c2010
300 _a112 páginas :
_c26 cm.
650 _aGEN
654 _aCHU
942 _cLIB
_dJUS
_fJUS
_2ddc
_n
999 _c11396
_d11396